000 00604nam a2200205Ia 4500
008 160319s9999 xx 000 0 und d
020 _a9789712720918
050 _a929.81599
050 _bG786 2008
245 _aGreat men and women of Asia :
245 _bRamon Magsaysay Awardees, 2006-2007 and Awardee Organizations, 1958-2006.
260 _bNational Bookstore
260 _c1991
300 _axi, 318 p. ;
300 _c23 cm.
650 _aAwards -- Asia.
650 _aMen -- Asia -- Awards.
650 _aRamon Magsaysay awards -- 2006-2007.
650 _aWomen -- Asia -- Awards.
999 _c292251
_d292251